مواجهة الاختفاء القسري في المواثيق الدولية والتشريع المصري / (Record no. 22280)
[ view plain ]
| 000 -الفاتح | |
|---|---|
| حقل البيانات ثابتة الطول | 01032nam a22002655a 4500 |
| 003 - محدد رقم الضبط | |
| رقم الضبط | OSt |
| 005 - وقت وتاريخ اخر تعامل مع التسجيلة | |
| رقم الضبط | 20170221120841.0 |
| 008 - عناصر البيانات ثابتة الطول - معلومات عامة | |
| حقل البيانات ثابتة الطول | 160830s2010 ua frb 000 0 ara d |
| 015 ## - | |
| -- | 2009 / 23849 |
| 040 ## - مصدر الفهرسة | |
| وكالة الفهرسة الأصلية | EG-ScBUE |
| لغة الفهرسة | ara |
| وكالة النسخ | EG-ScBUE |
| 043 ## - رمز المنطقة الجغرافية | |
| رمز المنطقة الجغرافية | f-ua--- |
| 082 04 - رقم تصنيف ديوى العشرى | |
| رقم التصنيف | 345.620254 |
| رقم المادة | ف ر ج |
| رقم الطبعة | 22 |
| 100 1# - المدخل الرئيسى - إسم شخصى | |
| الإسم الشخصى | فرج، محمد عبد اللطيف. |
| 9 (RLIN) | 40946 |
| 245 10 - بيان العنوان | |
| العنوان | مواجهة الاختفاء القسري في المواثيق الدولية والتشريع المصري / |
| بيان المسئوليه,etc | محمد عبد اللطيف فرج. |
| 250 ## - بيان الطبعة | |
| بيان الطبعة | ط. 1. |
| 260 ## - PUBLICATION, DISTRIBUTION, ETC. (IMPRINT) | |
| مكان الناشر او الموزع | [د. م. : |
| اسم الناشر او الموزع | د. ن.]، |
| تاريخ النشر أو التوزيع | 2010 |
| مكان الصناعة | (القاهرة : |
| المنتج | مطابع الشرطة) |
| 300 ## - الوصف المادى | |
| التعداد | 116 ص. ؛ |
| أبعاد الوعاء | 24 سم. |
| 504 ## - تبصرة ببليوجرافية | |
| تبصرة ببليوجرافية,الخ | يشتمل على إرجاعات ببليوجرافية. |
| 650 #7 - المدخل الاضافى بالموضوع-مصطلح موضوعى | |
| مصطلح موضوعي أو اسم جغرافي كعنصر مدخل | جرائم الخطف |
| التقسيم الفرعي الجغرافي | مصر. |
| مصدر الرأس أو المصطلح | BUEsh |
| 9 (RLIN) | 40970 |
| 650 #7 - المدخل الاضافى بالموضوع-مصطلح موضوعى | |
| مصطلح موضوعي أو اسم جغرافي كعنصر مدخل | الجرائم الدولية. |
| مصدر الرأس أو المصطلح | BUEsh |
| 9 (RLIN) | 40971 |
| 650 #7 - المدخل الاضافى بالموضوع-مصطلح موضوعى | |
| مصطلح موضوعي أو اسم جغرافي كعنصر مدخل | حقوق الإنسان (قانون دولي) |
| 9 (RLIN) | 8073 |
| مصدر الرأس أو المصطلح | BUEsh |
| 651 ## - المدخل الاضافى بالموضوع - اسم جغرافى | |
| مصدر الرأس أو المصطلح | BUEsh |
| 653 ## - مصطلح تكشيفى غير مقيد | |
| Resource For college | Law |
| Arrived date list | August 2016 |
| -- | February2017 |
| 942 ## - عناصر المدخل الإضافي( كوها) | |
| مصدر التصنيف او مخطط الترفيف | Dewey Decimal Classification |
| حالة التراجع | حالة الفقد | مصدر التصنيف او خطة الترفيف | حالة تلف | ليس للاعارة | مجموعات كوها | المكان الدائم | المكان الحالي | موقع الترفيف | تاريخ الاكتساب | Source of acquisition | سعر الشراء الطبيعي | تعداد مسلسل / التسلسل الزمني | رقم الاستدعاء | الباركود | Date last seen | التكلفة | نوع الوعاء |
|---|---|---|---|---|---|---|---|---|---|---|---|---|---|---|---|---|---|
| Dewey Decimal Classification | دار الفكر العربي | Central Library | Central Library | First floor | 30/08/2016 | Purchase | 45.00 | 15885 | 345.620254 ف ر ج | 000033400 | 15/07/2025 | 56.00 | Book - Borrowing | ||||
| Dewey Decimal Classification | دار الفكر العربي | Central Library | Central Library | First floor | 30/08/2016 | Purchase | 45.00 | 15885 | 345.620254 ف ر ج | 000033399 | 15/07/2025 | 56.00 | Book - Borrowing | ||||
| Dewey Decimal Classification | دار النهضة العربية | Central Library | Central Library | First floor | 21/02/2017 | Purchase | 20.00 | 2815 | 345.620254 ف ر ج | 000045585 | 15/07/2025 | 25.00 | Book - Borrowing | ||||
| Dewey Decimal Classification | دار النهضة العربية | Central Library | Central Library | First floor | 21/02/2017 | Purchase | 20.00 | 2815 | 345.620254 ف ر ج | 000045586 | 15/07/2025 | 25.00 | Book - Borrowing |